Szczegóły MARC21

ABSORPCJA funduszy strukturalnych /

005 -DATA I CZAS OSTATNIEJ MODYFIKACJI [,]
    • @
    • pole kontrolne
    • 20070315155141.9
040 -Instytucja sporządzająca opis [ , ]
    • a
    • Instytucja, która sporządziła opis (NP)
    • SZCZ U
    • c
    • Instytucja, która sporządziła rekord (NP)
    • SZCZ U
041 -Język dokumentu [0, ]
    • a
    • Język tekstu (P)
    • polski
    • h
    • Język tekstu oryginalnego i/lub pośredniego (P)
    • polski
942 -Rodzaj dokumentu [ , ]
    • c
    • Rodzaj dokumentu
    • Książka
245 -Strefa tytułu i oznaczenia odpowiedzialności [0, ]
    • a
    • Tytuł
    • ABSORPCJA funduszy strukturalnych / Find
    • c
    • Pozostałe elementy strefy tytułu i oznaczenia odpowiedzialności (NP)
    • [aut.] Marcin Murawski, Anna Siejda, Piotr Żuber.
260 -Strefa adresu wydawniczego [ , ]
    • a
    • Miejsce wydania (P)
    • Warszawa :
    • b
    • Nazwa wydawcy (P)
    • CASE,
    • c
    • Data wydania (P)
    • 2005.
300 -Strefa opisu fizycznego [ , ]
    • a
    • Określenie formy książki i/lub objętość (NP)
    • 38 :
    • c
    • Format (NP)
    • 30 cm.
490 -Strefa serii i książki wielotomowej - forma nie do wyszukiwania [0, ]
    • z
    • Numer rekordu powiązanego
    • 120613
    • a
    • Tytuł (P)
    • (ZESZYTY BRE Bank - CASE / Bank Rozwoju Eksportu ; Centrum Analiz Społeczno - Ekonomicznych ; Find
    • y
    • Zob. egzemplarze
    • 23
    • x
    • ISSN (NP)
    • 1233-121X)
    • v
    • Numeracja (P)
    • Nr 81,
500 -Uwaga ogólna [ , ]
    • a
    • Uwaga ogólna (NP)
    • Bibliogr
080 -Uniwersalna Klasyfikacja Dziesiętna [ , ]
    • a
    • Symbol klasyfikacji
    • 339.7(438:4-67)"1989/..."
980 -Symbol UKD [ , ]
    • a
    • UKD
    • 339.7(438:4-67)"1989/..."
700 -Hasło dodatkowe - nazwa osobowa [ , ]
    • a
    • Nazwa osobowa (NP)
    • Murawski Marcin Find
700 -Hasło dodatkowe - nazwa osobowa [ , ]
    • a
    • Nazwa osobowa (NP)
    • Siejda Anna Find
700 -Hasło dodatkowe - nazwa osobowa [ , ]
    • a
    • Nazwa osobowa (NP)
    • Żuber Piotr Find
Data inwentaryzacji Lokalizacja Status udost. Numer tomu Sygnatura Numer inwentarzowy Powiązanie z serią
2006-05-29BE1Nr 81Ec.50792Ec.5167344
2006-05-29BE-3Nr 81S.90931S.9234752
2006-05-29BG1Nr 81Cg.30393Cg.3216823